| 000 | 01831nkc a2200289za 4500 | ||
|---|---|---|---|
| 001 | 84599 | ||
| 003 | OSt | ||
| 005 | 20260427102936.0 | ||
| 007 | kh boc | ||
| 008 | 250410s1909 sp ||||| ||||||0| i|spa d | ||
| 040 |
_cM-RABA _aM-RABA _bspa |
||
| 245 | 0 | 0 |
_aMoisés mostrando al pueblo hebreo las tablas de la ley _h[Material gráfico] _c/ Pedro Bousseau del Rey |
| 260 |
_b[Hauser y Menet] _c, [ca. 1909] |
||
| 300 |
_a1 fotografía _b: gelatina de plata _c; imagen 19,5 x 12 cm _c; soporte secundario 30 x 24 cm |
||
| 500 | _aFotografía del relieve "Moisés mostrando al pueblo hebreo las tablas de la ley" de Pedro Busou (Bussou o Bousseau) del Rey, obteniendo el primer premio de la Academia en Escultura, de la primera clase en el año 1796 Se conserva en el Museo de la Real Academia de Bellas Artes de San Fernando con nº de inventario E-296. | ||
| 500 | _aMontada sobre un soporte secundario de cartón, con texto manuscrito a lápiz en la parte inferior al recto: "Moisés mostrando al pueblo hebreo las tablas de la ley por D. Pedro Buseau y Rey-(Premiado)- 1ª clase de 1796. Primer premio". Nota manuscrita al verso a lápiz rojo: "Pedro Buseau y Rey". | ||
| 500 | _aFecha probable de la realización de la fotografía realizada por Hauser y Menet. | ||
| 544 | _aArchivo de la Real Academia de Bellas Artes de San Fernando (Le-4-29-1) | ||
| 600 | 1 | 0 |
_aBossau del Rey, Pedro _d(1765-1806) _9111697 |
| 610 | 2 | 4 |
_aReal Academia de Bellas Artes de San Fernando. _975832 |
| 651 | 7 |
_aMadrid _2embne _975182 |
|
| 655 | 7 |
_aFotografías de obras de arte _975675 |
|
| 710 | 2 |
_aHauser y Menet (Madrid) _950978 |
|
| 852 | _jFot-619 | ||
| 856 |
_3Fot-619 _uhttps://archivoybiblioteca.realacademiabellasartessanfernando.com/cgi-bin/koha/opac-retrieve-file.pl?id=ad42cc2487845c52c1a2c70ef80689bf |
||
| 942 |
_2ddc _cFOTOGRAFÍA _n0 |
||
| 999 |
_c84599 _d84599 |
||